00219nam a2200097Ia 4500008004100000041000800041082001200049100001500061245003600076260000900112230511s1955 xx 000 0 und d aeng a348.044 aAgarwalla  aSupreme Court Digest 1955-56  c1955